[Event "Bohemians"]
[Site "Prague"]
[Date "1981.??.??"]
[Round "?"]
[White "Neckar, Lubomir"]
[Black "Dobosz, Henryk"]
[Result "1-0"]
[WhiteElo "2380"]
[BlackElo "2360"]

1.Nf3 d5 2.g3 Bg4 3.Bg2 Nd7 4.c4 e6 5.b3 c6 6.Bb2 Ngf6 7.O-O Bd6 8.d3 O-O
9.Nbd2 Qe7 10.a3 e5 11.e4 dxe4 12.dxe4 a5 13.Qc2 Ne8 14.h3 Be6 15.Rfd1 g6
16.Nf1 f6 17.Ne3 Bc5 18.Qd3 Bxe3 19.Qxe3 a4 20.Bf1 axb3 21.a4 Qc5 22.Qxb3 Qb6
23.Qc2 Rf7 24.Ne1 Nc5 25.Rdb1 Qa7 26.a5 Nd6 27.Bc1 Ncxe4 28.Be3 c5 29.Bd3 f5
30.Nf3 f4 31.Nxe5 fxe3 32.Nxf7 exf2+ 33.Kg2 Bxf7 34.Bxe4 Rf8 35.Rf1 Bxc4
36.Rxf2 Rxf2+ 37.Kxf2 Qb8 38.Kg2 Be6 39.Bf3 Nf5 40.Qf2 Nd4 41.Be4 Qe5 42.Qf4 Qxf4
43.gxf4 Nb3 44.Bxb7  1-0

[Event "Bohemians"]
[Site "Prague"]
[Date "1981.??.??"]
[Round "?"]
[White "Neckar, Lubomir"]
[Black "Prandstetter, Eduard"]
[Result "1/2-1/2"]
[WhiteElo "2380"]
[BlackElo "2440"]

1.Nf3 d5 2.g3 Nf6 3.Bg2 e6 4.d4 Be7 5.O-O O-O 6.c4 dxc4 7.Ne5 Nc6 8.Nxc6 bxc6
9.Bxc6 Rb8 10.Nc3 Bb7  1/2-1/2

[Event "Reggio Emilia8182"]
[Site "Reggio Emilia"]
[Date "1981.??.??"]
[Round "2"]
[White "Reggiani, Mauro"]
[Black "Vaganian, Rafael A"]
[Result "0-1"]
[WhiteElo "2200"]
[BlackElo "2565"]

1.g3 d5 2.Nf3 Nf6 3.Bg2 c6 4.d3 Bg4 5.Nbd2 Nbd7 6.b3 e5 7.O-O Bc5 8.Bb2 Qe7
9.Nxe5 Nxe5 10.d4 Ned7 11.dxc5 Bxe2 12.Qxe2 Qxe2 13.Rae1 Qxe1 14.Rxe1+ Kd8
15.Nf3 Re8 16.Rxe8+ Nxe8 17.Ne5 Nxe5 18.Bxe5 f6 19.Bd4 Nc7 20.Bh3 Ke7 21.Kf1 Ne6
22.c3 b6 23.cxb6 Nxd4 24.b7 Rb8 25.cxd4 Rxb7 26.Ke2 Kd6 27.Kd3 c5 28.Bg2 a5
29.dxc5+ Kxc5 30.Kc3 Re7 31.Kd3 Re1 32.a3 Ra1 33.b4+ Kd6 34.Kd4 Rxa3 35.Bxd5 Ra4  0-1

[Event "Reggio Emilia8182"]
[Site "Reggio Emilia"]
[Date "1981.??.??"]
[Round "4"]
[White "Reggiani, Mauro"]
[Black "Messa, Roberto"]
[Result "0-1"]
[WhiteElo "2200"]
[BlackElo "2325"]

1.g3 d5 2.Nf3 Nf6 3.Bg2 e6 4.O-O Be7 5.b3 O-O 6.Bb2 c5 7.c4 Nc6 8.d3 d4 9.e3 e5
10.exd4 cxd4 11.Na3 Nd7 12.Nc2 a5 13.a3 Qb6 14.Nce1 Nc5 15.Nd2 Bf5 16.Qc2 Bg5
17.f4 exf4 18.gxf4 Bh6 19.Bxc6 Qxc6 20.Bxd4 Nxd3 21.Qc3 Nxf4 22.Qf3 Rad8
23.Qxc6 bxc6 24.Be3 Nh3+ 25.Kg2 Bxe3 26.Rxf5 Nf4+ 27.Kg3 Bxd2 28.Nf3 Ne2+
29.Kf2 Nd4  0-1

[Event "Reggio Emilia8182"]
[Site "Reggio Emilia"]
[Date "1981.??.??"]
[Round "6"]
[White "Reggiani, Mauro"]
[Black "Passerotti, Pierluigi"]
[Result "0-1"]
[WhiteElo "2200"]
[BlackElo "2335"]

1.g3 d5 2.Nf3 c5 3.Bg2 Nc6 4.d4 e6 5.O-O cxd4 6.Nxd4 Bc5 7.Nb3 Bb6 8.c4 Nge7
9.cxd5 exd5 10.Nc3 d4 11.Na4 Bg4 12.h3 Bh5 13.Nac5 Bxc5 14.Nxc5 Qb6 15.Ne4 Rd8
16.Bh6 O-O 17.g4 Bg6 18.Bg5 Rfe8 19.Qd2 Rd7 20.Rac1 f6 21.Nc5 Rdd8 22.Bf4 Nd5
23.Bg3 Nc3 24.bxc3 Qxc5 25.cxd4 Qxd4 26.Qxd4 Nxd4 27.Rc7 Nxe2+ 28.Kh2 Rd3
29.Bh4 Nf4 30.Rfc1 Nxg2 31.Kxg2 Be4+ 32.Kh2 Bc6 33.g5 Re4 34.g6 hxg6 35.Bg3 g5
36.Rc8+ Kf7 37.Bb8 f5 38.Bxa7 Rxh3+ 39.Kg2 Rh2+  0-1

[Event "Nordic-ch"]
[Site "Reykjavik"]
[Date "1981.??.??"]
[Round "?"]
[White "Sigurjonsson, Gudmundur"]
[Black "Hoi, Carsten"]
[Result "1/2-1/2"]
[WhiteElo "2440"]
[BlackElo "2415"]

1.Nf3 d5 2.g3 Nf6 3.Bg2 e6 4.O-O Be7 5.d4 O-O 6.c4 c6 7.Qc2 Nbd7 8.b3 b5
9.c5 Ne4 10.Nbd2 f5 11.Bb2 b4 12.Nxe4 fxe4 13.Ne5 Nxe5 14.dxe5 Bd7 15.Bd4 a5
16.a3 Qc7 17.Ra2 Rfb8 18.a4 Rf8 19.f3 exf3 20.exf3 Be8 21.Bh3 Qd7 22.Qd1 Bg6
23.Raf2 Rf7 24.Qe2 Raf8 25.Qe3 Bf5 26.g4 Bg6 27.f4 Be4 28.Qg3 Qd8 29.g5 Bf5
30.Bg2 Qa8 31.Rc1 Qa6  1/2-1/2

[Event "Riga"]
[Site "Riga"]
[Date "1981.??.??"]
[Round "3"]
[White "Petrosian, Arshak B"]
[Black "Ivkov, Borislav"]
[Result "1/2-1/2"]
[WhiteElo "2495"]
[BlackElo "2510"]

1.Nf3 d5 2.g3 g6 3.d4 Bg7 4.Bg2 Nf6 5.c4 dxc4 6.Na3 O-O 7.Nxc4 Nc6 8.O-O Be6
9.b3 a5 10.Bb2 Bd5 11.Rc1 a4 12.bxa4 Ra6 13.Nfe5 Bxg2 14.Kxg2 Qa8 15.Nxc6 bxc6  1/2-1/2

[Event "Riga"]
[Site "Riga"]
[Date "1981.??.??"]
[Round "10"]
[White "Petrosian, Arshak B"]
[Black "Klovans, Janis"]
[Result "1-0"]
[WhiteElo "2495"]
[BlackElo "2455"]

1.Nf3 d5 2.g3 Nf6 3.Bg2 c6 4.c4 dxc4 5.a4 e6 6.Qc2 Qd5 7.O-O Na6 8.Na3 Bxa3
9.Rxa3 O-O 10.Re3 Nb4 11.Qc3 Na2 12.Qa3 Nxc1 13.Rxc1 b6 14.d3 cxd3 15.Ne5 d2
16.Rd1 Qc5 17.Qxc5 bxc5 18.Nxc6 Nd5 19.Ne7+ Kh8 20.Nxd5 exd5 21.Bxd5 Rb8
22.Rxd2 Ba6 23.Re7 Rbd8 24.Rxa7 Bc4 25.e4 f5 26.f3 g5 27.Rc7 fxe4 28.fxe4 Rf1+
29.Kg2 Rc1 30.Rf2 Bxd5 31.exd5 g4 32.Rd2 Re8 33.d6 Ree1 34.d7 Rg1+ 35.Kf2 Rcf1+
36.Ke2  1-0

[Event "Riga"]
[Site "Riga"]
[Date "1981.??.??"]
[Round "14"]
[White "Adorjan, Andras"]
[Black "Tseshkovsky, Vitaly"]
[Result "1/2-1/2"]
[WhiteElo "2530"]
[BlackElo "2575"]

1.g3 d5 2.Nf3 Nf6 3.Bg2 Bf5 4.c4 e6 5.O-O c6 6.b3 Be7 7.Bb2 O-O 8.d3 h6 9.Nbd2 Nbd7
10.Qc2 Bh7 11.Ne5 Nxe5 12.Bxe5 Nd7 13.Bc3 Bf6 14.Rfc1 Re8 15.Bxf6 Nxf6  1/2-1/2

[Event "Rome-B"]
[Site "Rome"]
[Date "1981.??.??"]
[Round "2"]
[White "D'Amore, Carlo"]
[Black "Medina Garcia, Antonio Angel"]
[Result "1-0"]
[WhiteElo "2200"]
[BlackElo "2365"]

1.Nf3 d5 2.g3 Nf6 3.Bg2 c6 4.O-O Bg4 5.h3 Bh5 6.d3 Nbd7 7.c3 e5 8.Bg5 Be7
9.Nbd2 O-O 10.e4 dxe4 11.dxe4 h6 12.Be3 Qc7 13.Qc2 Rfd8 14.a4 a5 15.g4 Bg6
16.Nh4 Nh7 17.Nxg6 fxg6 18.Qb3+ Kh8 19.Qf7 Bg5 20.Nc4 Rf8 21.Qe6 Bxe3 22.fxe3 Nhf6
23.Rfd1 Rae8 24.Qd6 Qxd6 25.Nxd6 Rb8 26.b4 b6 27.Bf1 Kh7 28.Bc4 Rfd8 29.Kf2 Nf8
30.Kf3 g5 31.Nf7 Rxd1 32.Rxd1 b5 33.axb5 cxb5 34.Bd5 axb4 35.cxb4 Ng6 36.Rc1 Rf8
37.Bb3 Nh4+ 38.Ke2 Nxe4 39.Bc2 Rxf7 40.Bxe4+  1-0

[Event "Rome-B"]
[Site "Rome"]
[Date "1981.??.??"]
[Round "6"]
[White "Lobron, Eric"]
[Black "Medina Garcia, Antonio Angel"]
[Result "0-1"]
[WhiteElo "2405"]
[BlackElo "2365"]

1.Nf3 d5 2.g3 c5 3.Bg2 Nc6 4.O-O e5 5.c4 d4 6.d3 Be7 7.e3 Nf6 8.exd4 exd4
9.Re1 O-O 10.a3 a5 11.b3 h6 12.Ra2 Re8 13.Rae2 Bf5 14.Ne5 Nxe5 15.Rxe5 Bg4
16.Qc2 Nd7 17.R5e4 Nf6 18.Rxg4 Nxg4 19.Bxb7 Ra7 20.Bc6 Rf8 21.Qe2 Qb6 22.Ba4 Qg6
23.h3 Nf6 24.Nd2 Bd6 25.Qf3 Rb8 26.Kg2 Re7 27.Rxe7 Bxe7 28.Qe2 Bd6 29.Nf3 Qf5
30.Bd2 Ra8 31.Nh4 Qc8 32.Qf3 Be5 33.Nf5 Kf8 34.g4 Ra7 35.h4 Qc7 36.g5 hxg5
37.hxg5 Ng8 38.Qe4 g6 39.Nh6 Nxh6 40.gxh6 f5 41.Qd5 Qd6 42.Bc6 Ra6 43.Bb5 Ra7
44.Bg5 Bf4 45.Bxf4 Qxf4 46.Qd8+ Kf7 47.Be8+ Ke6 48.Qb6+ Ke7 49.Qxg6 Kf8 50.Bb5 Qg4+
51.Qxg4 fxg4 52.Kg3 Rf7 53.Bc6 Rf6 54.h7 Kg7 55.Be4 Rb6 56.Kxg4 Rxb3 57.a4 Rb4
58.Bc6 Rb3 59.Kf4 Rxd3 60.Ke5 Rh3 61.Be4 d3 62.Kd5 d2 63.Bc2 Rc3 64.Bd1 Rc1
65.Bg4 Rg1 66.Bf3 Ra1 67.Kxc5 Rxa4 68.Kb5 Rb4+  0-1

[Event "Rostock"]
[Site "Rostock"]
[Date "1981.??.??"]
[Round "1"]
[White "Neckar, Lubomir"]
[Black "Jeske, Eckhard"]
[Result "1/2-1/2"]
[WhiteElo "2375"]
[BlackElo "2205"]

1.Nf3 d5 2.g3 g6 3.d4 Bg7 4.c4 c6 5.Qa4 Nf6 6.cxd5 Nxd5 7.Bg2 Bf5 8.O-O Nd7
9.Nbd2 N5f6 10.Re1 Nb6 11.Qd1 O-O 12.e4 Bg4 13.h3 Bxf3 14.Nxf3 Nfd7 15.a4 a5
16.Qb3 e5 17.Nxe5 Nxe5 18.dxe5 Nd7 19.e6 Ne5 20.Be3 Qd3 21.Qxb7 fxe6 22.Rad1 Rab8
23.Qe7 Rfe8 24.Qc5 Qc4 25.Qa7 Ra8 26.Qc7 Rec8 27.Qd6 Nf7 28.Qd2 Qxa4 29.f4 Qb4
30.e5 Bf8 31.Qe2 Rab8 32.Rd2 Qb5 33.Rc1 Bb4 34.Rdc2 Qxe2 35.Rxe2 c5 36.Rec2 a4
37.Ra1 Rd8 38.Rxa4 Rd3 39.Bf2 Rbd8 40.Ra1 Rd2 41.Rac1 Nh6 42.Be3 Rxc2 43.Rxc2 Nf5
44.Bf2 Rd1+ 45.Kh2 Nd4 46.Rc4 Rd2 47.Bxd4 Rxd4 48.Rxd4 cxd4 49.Be4 Kf7 50.Kg2 Be1
51.Kf3 Ke8 52.Bd3 Kd7 53.Bc4 Ke7 54.g4 Bd2 55.Ke4 Kd7 56.h4 Ke7 57.h5 gxh5
58.gxh5 Bc1 59.b3 Bb2 60.h6 Bc3 61.Be2 Kd7 62.Bh5 Bb4 63.Bg4 Bf8 64.f5 exf5+
65.Bxf5+ Ke7 66.Kxd4 Bxh6 67.Bxh7 Kd7 68.Kd5 Bf8 69.Bf5+ Kc7 70.Kc4 Bg7 71.Kd4 Bf8
72.Kd5 Ba3 73.Bg4 Bf8 74.Kc4 Bg7 75.e6 Bf6 76.b4 Kb6 77.b5 Be7 78.Be2 Kc7
79.Kd5 Bf6 80.Bc4 Be7 81.Ke5 Bd8 82.Bd5 Bh4 83.Bf3 Bd8 84.Bc6 Be7 85.Be8 Bh4
86.Kf5 Kd6 87.Bc6 Bd8 88.Bd7 Bh4 89.Kf4 Bd8 90.Ke4 Bc7 91.Kf5 Bd8 92.Bc8 Kc7
93.Ba6 Kd6 94.Bb7 Kc7 95.Bc6 Kd6 96.Bd7 Bh4 97.b6 Ke7 98.Ke5 Bf2  1/2-1/2

[Event "Rostock"]
[Site "Rostock"]
[Date "1981.??.??"]
[Round "8"]
[White "Neckar, Lubomir"]
[Black "Kostyra, Stanislaw"]
[Result "1/2-1/2"]
[WhiteElo "2375"]
[BlackElo "2370"]

1.Nf3 d5 2.g3 c6 3.Bg2 Bg4 4.b3 Nf6 5.Bb2 e6 6.O-O Be7 7.d3 a5 8.a3 O-O 9.Nbd2 c5
10.h3 Bh5 11.g4 Bg6 12.Ne5 Nfd7 13.Nxg6 hxg6 14.e4 d4 15.f4 g5 16.e5 gxf4
17.Bxb7 Ra7 18.Be4 Nxe5 19.Rxf4 Bg5 20.Rf1 Be3+ 21.Kh1 Qh4 22.Bg2 f5 23.gxf5 exf5
24.Nf3 Nxf3 25.Qxf3 f4 26.c3 Kh8 27.Qd5 Raf7 28.Rf3 Rf5 29.Qe4 Qf6 30.cxd4 Nc6
31.Rff1 Nxd4 32.Bf3 Rg5 33.Bg2 Rg3 34.Rf3 Rxf3 35.Bxf3 Qh6 36.Bg4 f3 37.Rf1 f2
38.b4 axb4 39.axb4 Ne2 40.Be5 cxb4 41.Qxb4 Qc6+ 42.Qe4 Qxe4+ 43.dxe4 Nc1
44.Kg2 Nd3 45.Bg3 Ne1+ 46.Kh1  1/2-1/2

[Event "BUL-ch"]
[Site "Sofia"]
[Date "1981.??.??"]
[Round "10"]
[White "Kirov, Nino"]
[Black "Radev, Nikolai"]
[Result "1/2-1/2"]
[WhiteElo "2430"]
[BlackElo "2335"]

1.Nf3 d5 2.g3 Nf6 3.Bg2 Bf5 4.c4 c6 5.cxd5 cxd5 6.Qb3 Qb6 7.Qxb6 axb6 8.Nc3 e6
9.d3 Bb4 10.Bd2 Nc6 11.Nb5 Ke7 12.Nfd4 Bxd2+ 13.Kxd2 Nxd4 14.Nxd4 Rhc8 15.a3 h6
16.Rhc1 Bh7 17.f4 Ne8 18.Rc3 Rxc3 19.bxc3 Nd6 20.Nc2 Kd7 21.Rb1 Kc7 22.Rb4 b5
23.Nd4 Rxa3 24.Nxb5+ Nxb5 25.Rxb5 b6 26.Rb4 Ra2+ 27.Ke3 Rc2 28.Rb3 g5 29.Bf3 Ra2
30.Rb4 Rc2 31.Kd4 gxf4 32.gxf4 f6 33.h4 Bf5 34.e4 dxe4 35.dxe4 Bh3 36.Rc4+ Kd7
37.Ra4 Rd2+ 38.Ke3 Rc2 39.Rd4+ Ke7 40.Rc4 Kd7 41.e5 fxe5 42.fxe5 Bf1 43.Rc6 b5
44.Rc5 Bc4 45.Bc6+ Ke7 46.Bxb5 Bxb5 47.Rxb5 Rxc3+ 48.Kd4 Rh3 49.Rb7+ Kf8
50.Kc5 Rxh4 51.Kd6 Ra4 52.Kxe6 Ra6+ 53.Kd7 Kf7 54.Rb1 Ra7+ 55.Kc6 Ra6+ 56.Kd5 h5
57.Rb7+ Ke8 58.Rh7  1/2-1/2

[Event "Svendborg"]
[Site "Svendborg"]
[Date "1981.??.??"]
[Round "7"]
[White "Ost Hansen, Jacob"]
[Black "Iskov, Gert"]
[Result "1/2-1/2"]
[WhiteElo "2395"]
[BlackElo "2420"]

1.g3 d5 2.Nf3 g6 3.Bg2 Bg7 4.O-O e5 5.d3 Ne7 6.Nbd2 O-O 7.e4 Nbc6 8.c3 a5
9.Qc2 h6 10.b3 Be6 11.Re1  1/2-1/2

[Event "Tallinn"]
[Site "Tallinn"]
[Date "1981.??.??"]
[Round "1"]
[White "Karner, Hillar"]
[Black "Vooremaa, Andres"]
[Result "1-0"]
[WhiteElo "2410"]
[BlackElo "2415"]

1.Nf3 d5 2.g3 Nf6 3.Bg2 c5 4.O-O Nc6 5.d3 e6 6.Nbd2 Be7 7.e4 b6 8.Re1 Bb7
9.e5 Nd7 10.c4 dxc4 11.Nxc4 b5 12.Nd6+ Bxd6 13.exd6 Qb6 14.Be3 Nb4 15.d4 Qxd6
16.Bf4 Qa6 17.dxc5 Nxc5 18.Qd4 Nbd3 19.Qxg7 Rf8 20.Bh6 O-O-O 21.Qc3 b4 22.Qc2 Rg8
23.Be3 Kb8 24.Red1 Rc8 25.Bxc5 Nxc5 26.Qxh7 Be4 27.Qh6 Qb7 28.Qe3 f5 29.Rac1 Nd7
30.Ne1 Nf6 31.Bxe4 Nxe4 32.Rxc8+ Rxc8 33.f3 Nc5 34.Ng2 a5 35.Nf4 Rc6 36.Kg2 Qc7
37.Rd2 Kb7 38.h4 e5 39.Nd3 Nxd3 40.Qxd3 f4 41.g4 Qb6  1-0

[Event "Tallinn"]
[Site "Tallinn"]
[Date "1981.??.??"]
[Round "12"]
[White "Karner, Hillar"]
[Black "Petursson, Margeir"]
[Result "1-0"]
[WhiteElo "2410"]
[BlackElo "2445"]

1.Nf3 d5 2.g3 Nf6 3.Bg2 c5 4.O-O Nc6 5.d4 e6 6.b3 cxd4 7.Nxd4 Bc5 8.Nxc6 bxc6
9.c4 O-O 10.Qc2 Be7 11.Bb2 a5 12.Nc3 Ba6 13.Rfd1 Qc7 14.Rac1 Rac8 15.e4 dxc4
16.bxc4 Rb8 17.Bf1 Nd7 18.Na4 Rfd8 19.Be2 e5 20.Bc3 Bb4 21.Bxb4 Rxb4 22.a3 Rbb8
23.Bg4 Nf8 24.Nc5 Qa7 25.Nxa6 Qxa6 26.Qc3 Qa7 27.Qxe5 Re8 28.Qd4 Qe7 29.c5 Qg5
30.Bf3 Ne6 31.Qc3 Rb5 32.h4 Qe7 33.Qe5 Rxc5 34.Rxc5 Qxc5 35.Qxc5 Nxc5 36.Rd6 Nb3
37.Bd1 a4 38.Rxc6 g6 39.Bxb3 axb3 40.Rb6 Rxe4 41.Kf1 Rc4 42.Rxb3 Rc1+ 43.Ke2 Ra1
44.Kd3 Kf8 45.Kc4 Ke7 46.Kb5 Rf1 47.Rb2 Kd7 48.a4 Kc7 49.Ka6 f5 50.a5 h5
51.Kb5 f4 52.gxf4 Rh1 53.Rc2+ Kb8 54.Re2 Rb1+ 55.Kc5 Rc1+ 56.Kd6 Rh1 57.f5 gxf5
58.Rb2+ Ka7 59.Rb4 Ka6 60.Rf4 Rh2 61.Ke6 Kxa5 62.Kxf5 Rg2 63.Kf6 Kb6 64.Rf5 Kc6
65.Rxh5 Rxf2+ 66.Rf5 Rh2 67.h5 Kd6 68.Kf7 Kd7 69.Rd5+ Kc6 70.Rg5 Kd6 71.Rg6+ Ke5
72.h6 Kf5 73.Kg7 Ra2 74.h7 Ra7+ 75.Kh6 Ra1 76.Rg5+ Kf4 77.h8=Q  1-0

[Event "Tuzla"]
[Site "Tuzla"]
[Date "1981.??.??"]
[Round "1"]
[White "Stoica, Valentin"]
[Black "Suba, Mihai"]
[Result "1/2-1/2"]
[WhiteElo "2415"]
[BlackElo "2500"]

1.Nf3 d5 2.g3 Bf5 3.Bg2 Nf6 4.O-O e6 5.d3 h6 6.Nbd2 Be7 7.e3 O-O 8.Qe2 Bh7
9.b3 c5 10.Ne5 Nfd7 11.Nxd7 Qxd7 12.Bb2 Nc6 13.f4 Qd8 14.Nf3 Bf6 15.Bxf6 Qxf6
16.Qd2  1/2-1/2

[Event "Tuzla"]
[Site "Tuzla"]
[Date "1981.??.??"]
[Round "5"]
[White "Vukic, Milan"]
[Black "Bukic, Enver"]
[Result "1/2-1/2"]
[WhiteElo "2485"]
[BlackElo "2485"]

1.Nf3 d5 2.g3 c6 3.Bg2 Bg4 4.b3 Nd7 5.Bb2 Ngf6 6.d3 e6 7.Nbd2 Bd6 8.O-O Qe7
9.a3 O-O 10.Qe1 Rfe8 11.e4 e5 12.h3 Bh5 13.Nh4 dxe4 14.Nf5 Qf8 15.Nxd6 Qxd6
16.Nc4 Qe6 17.dxe4  1/2-1/2

[Event "Tuzla"]
[Site "Tuzla"]
[Date "1981.??.??"]
[Round "12"]
[White "Schussler, Harry"]
[Black "Kurajica, Bojan"]
[Result "1/2-1/2"]
[WhiteElo "2495"]
[BlackElo "2500"]

1.Nf3 d5 2.g3 c6 3.Bg2 Nf6 4.b3 Bg4 5.Bb2 e6 6.O-O Be7 7.d3 O-O 8.Nbd2 Nbd7
9.e4 e5 10.h3 Bxf3 11.Nxf3 dxe4 12.dxe4 Qc7 13.Qe2  1/2-1/2

[Event "URS-FL49"]
[Site "Volgodonsk"]
[Date "1981.??.??"]
[Round "2"]
[White "Yermolinsky, Alex"]
[Black "Ubilava, Elizbar"]
[Result "1-0"]
[WhiteElo "2450"]
[BlackElo "2455"]

1.g3 d5 2.Nf3 Bg4 3.Bg2 Nd7 4.c4 c6 5.cxd5 cxd5 6.Nc3 e6 7.Qb3 Qb6 8.Qxb6 axb6
9.Nd4 Ngf6 10.h3 Bh5 11.Ndb5 Rc8 12.d3 Be7 13.O-O Bg6 14.Bf4 O-O 15.Rfc1 d4
16.Na4 Ra8 17.b3 Ra5 18.Bd6 Bxd6 19.Nxd6 Re5 20.Kf1 b5 21.Nb2 b6 22.f4 Re3
23.Kf2 e5 24.Nxb5 Nh5 25.Nc4 Rxg3 26.fxe5 Rg5 27.h4 Rf5+ 28.Ke1 Rf4 29.Bc6 Bf5
30.Kd2 f6 31.Bd5+ Kh8 32.e6 Nc5 33.e7 Re8 34.Nxb6 Nxd3 35.Rc7 Ng3 36.Nd6 Nb4
37.Nxe8 Rf2 38.Re1 d3 39.Nd6 Nf1+ 40.Rxf1 Rxe2+ 41.Kc3  1-0

[Event "URS-FL49"]
[Site "Volgodonsk"]
[Date "1981.??.??"]
[Round "6"]
[White "Gufeld, Eduard"]
[Black "Sveshnikov, Evgeny"]
[Result "1/2-1/2"]
[WhiteElo "2520"]
[BlackElo "2545"]

1.Nf3 d5 2.g3 Nf6 3.Bg2 c6 4.O-O Bf5 5.d3 h6 6.b3 e6 7.Bb2 Be7 8.Nbd2 O-O
9.Ne5 Nbd7 10.e4 Bh7 11.Qe2 Nxe5 12.Bxe5 Nd7 13.Bb2 Bf6 14.Bxf6 Qxf6 15.Qf3 Qxf3
16.Bxf3 a5 17.a3 Rfe8 18.Rfe1 Kf8 19.Bg2 Rad8 20.f4 dxe4 21.Bxe4 Bxe4 22.Nxe4 Ke7
23.Kf2 Nf6 24.Nxf6 Kxf6 25.Re5 Rd5 26.Rae1 Red8  1/2-1/2

[Event "Hoogovens"]
[Site "Wijk aan Zee"]
[Date "1981.??.??"]
[Round "?"]
[White "Sveshnikov, Evgeny"]
[Black "Sosonko, Gennadi"]
[Result "1/2-1/2"]
[WhiteElo "2535"]
[BlackElo "2595"]

1.Nf3 d5 2.g3 Nf6 3.Bg2 e6 4.O-O Be7 5.d4 O-O 6.c4 Nbd7 7.Qc2 c6 8.Rd1 b6
9.Nc3 Bb7 10.b3 Rc8 11.e4 dxe4 12.Ng5 c5 13.dxc5 Bxc5 14.Ncxe4 Nxe4 15.Bxe4 Bxe4
16.Qxe4 g6 17.Bb2 Qxg5 18.Rxd7 a5 19.Kg2 Rfe8 20.Rad1 Qf5 21.Qxf5 exf5 22.Kf3 Kf8
23.Bf6 Rc6 24.Bd4 Bxd4 25.R1xd4 Ree6 26.Rb7 Rcd6 27.Rd7 Rxd7 28.Rxd7 Kg7
29.Rd5 Kf6 30.Rb5 g5 31.h3 h5 32.c5 bxc5 33.Rxc5 a4 34.Rc2  1/2-1/2

[Event "Hoogovens"]
[Site "Wijk aan Zee"]
[Date "1981.??.??"]
[Round "?"]
[White "Miles, Anthony J"]
[Black "Sveshnikov, Evgeny"]
[Result "1/2-1/2"]
[WhiteElo "2590"]
[BlackElo "2535"]

1.g3 d5 2.Nf3 Nf6 3.Bg2 c6 4.O-O Bf5 5.b3 e6 6.Bb2 Be7 7.d3 h6 8.Nbd2 O-O
9.Qe1 Bh7 10.e4 a5 11.Qe2 Na6 12.a4 Nb4 13.Ne1 Nd7 14.Kh1 Re8 15.f4 Nc5 16.e5 Qb6
17.Ndf3 Nd7 18.Nd4 c5 19.Nb5 Rac8 20.Rd1 Nb8 21.Bh3 N8a6 22.Qf2 Nc7 23.f5 exf5
24.Bxf5 Bxf5 25.Qxf5 Rf8 26.c4  1/2-1/2

[Event "Hoogovens"]
[Site "Wijk aan Zee"]
[Date "1981.??.??"]
[Round "?"]
[White "Sveshnikov, Evgeny"]
[Black "Langeweg, Kick"]
[Result "0-1"]
[WhiteElo "2535"]
[BlackElo "2455"]

1.g3 d5 2.Nf3 c6 3.Bg2 Bg4 4.d3 Nd7 5.Nbd2 e6 6.Rb1 a5 7.c3 Bd6 8.O-O Ngf6
9.a4 Qe7 10.Qc2 O-O 11.e4 Rfd8 12.Re1 dxe4 13.dxe4 Ne8 14.Nd4 Bc5 15.h3 Bh5
16.N2f3 f6 17.Qb3 Bf7 18.e5 fxe5 19.Nc2 Bd6 20.Qxb7 Bg6 21.Bg5 Nef6 22.Rbc1 Rab8
23.Qxc6 Rdc8 24.Qa6 Nc5 25.Qe2 Rxb2 26.Nh4 Bd3 27.Qd1 e4 28.Nd4 Qf7 29.Nb5 Bb8
30.Be3 Nb3 31.Bf1 Nd5 32.f4 Nxe3 33.Rxe3 Nxc1 34.Nf3 Ne2+ 35.Bxe2 Rb1 36.Rxd3 Rxd1+
37.Rxd1 exf3 38.Bxf3 Qg6 39.Kf2 e5  0-1

[Event "FRG-ch"]
[Site "Bad Neuenahr"]
[Date "1982.??.??"]
[Round "?"]
[White "Backwinkel, Paul"]
[Black "Lieb, Harald"]
[Result "1/2-1/2"]
[WhiteElo "2305"]
[BlackElo "2275"]

1.Nf3 d5 2.g3 Nf6 3.Bg2 Bf5 4.d3 Nbd7 5.Nh4 Bg6 6.Nxg6 hxg6 7.c4 e6 8.Nd2 c6
9.O-O a5 10.cxd5 cxd5 11.e4 dxe4 12.dxe4 Qc7 13.Qe2 Ne5 14.Qb5+ Nfd7 15.Nf3 Qc6
16.Nd4 Qxb5 17.Nxb5 Rc8 18.Bd2 b6 19.Bc3 Bc5 20.Rad1 Ke7 21.b3 f6 22.a3 Nc6
23.Rb1 e5 24.Rfd1 Nd4 25.Bxd4 Bxd4 26.Nxd4 exd4 27.Rxd4 Ne5 28.Rbd1 Rc7 29.Rd6 Rb8
30.f4 Nf7 31.R1d2 Rd8 32.Rxd8 Nxd8 33.Bf1 Nb7 34.Bc4 Nd6 35.Bd5 Nb5 36.a4 Nc3
37.Rd3 Rc5 38.Ba8 Ne2+ 39.Kf1 Nc1 40.Re3 g5 41.fxg5 Rxg5 42.Rc3 Rc5 43.Rxc5 bxc5
44.Bd5 Kd6 45.Ke1 Nd3+ 46.Kd2 Ne5 47.h4 Nd7 48.Bg8 Ke5 49.Kd3 Nb6 50.Bh7 Kd6
51.Bf5 Ke5 52.Ke3 c4 53.bxc4 Nxa4 54.g4 Nc5 55.Bc8 Nxe4 56.Kd3 Nc5+ 57.Kc3 Kd6
58.Bf5 Kc6 59.Bc2 Kd6 60.Bf5 Ne6 61.Bc2 Kc5 62.Bd1 Nd4 63.g5 fxg5 64.hxg5 Ne6
65.g6 Nd4 66.Bg4 Nc6 67.Be6 Kd6 68.Bf7 Ne5 69.Be8 Ke7 70.Bb5 Nxg6 71.c5 Nf4
72.Kb3 Ne6 73.Ka4 Nxc5+ 74.Kxa5 Kd6 75.Kb4 Kd5 76.Kc3 g5 77.Be2 Ke4 78.Kd2 Kf4
79.Ke1 Ne4 80.Bd1 Kg3 81.Bh5 Kf4 82.Bd1  1/2-1/2

[Event "Baile Herculane zt"]
[Site "Baile Herculane"]
[Date "1982.??.??"]
[Round "16"]
[White "Csom, Istvan"]
[Black "Velikov, Petar"]
[Result "1/2-1/2"]
[WhiteElo "2505"]
[BlackElo "2470"]

1.Nf3 d5 2.g3 Nf6 3.Bg2 c6 4.b3 Bf5 5.d3 e6 6.Bb2 h6 7.Nbd2 Be7 8.e4 Bh7
9.O-O O-O 10.Qe2 Nbd7 11.Kh1 a5 12.a4 Qc7 13.e5 Ne8 14.Ne1 b5 15.f4 bxa4
16.Rxa4 Nb6 17.Ra2 Qd7 18.g4 Nc7 19.Qf2 Rfb8 20.f5 a4 21.Bd4 axb3 22.Rxa8 Nbxa8
23.Nxb3 Na6 24.f6 Bf8 25.Nc5 Nxc5 26.Bxc5 Bxc5 27.Qxc5 Rb5 28.Qf2 Nc7 29.fxg7 Ne8
30.Qh4 Rb4 31.Bh3 Kxg7 32.Ng2 Qc7 33.Qe1 Qe7 34.Nf4 Bg6 35.Bg2 c5 36.h3 c4
37.Qf2 cxd3 38.cxd3 Rb3 39.Qd4 Qb4 40.Qf2 Rb1 41.Nxg6 Rxf1+ 42.Bxf1 Kxg6
43.d4 Kg7 44.Qe3 Qe7 45.Kg2 Nc7 46.Kg3 Na8 47.h4 Nb6 48.g5 hxg5 49.Qxg5+ Qxg5+
50.hxg5 Nc8  1/2-1/2

[Event "Beersheba"]
[Site "Beersheba"]
[Date "1982.??.??"]
[Round "6"]
[White "Gutman, Lev"]
[Black "Lein, Anatoly"]
[Result "1/2-1/2"]
[WhiteElo "2450"]
[BlackElo "2485"]

1.Nf3 d5 2.g3 c6 3.Bg2 Bf5 4.O-O e6 5.d3 h6 6.Nbd2 Nf6 7.e3 Be7 8.Qe2 O-O
9.Kh1 Bh7 10.Bh3 c5 11.Ne1 Nc6 12.f4 Rc8 13.g4 b5 14.Ndf3 c4 15.Rg1 Ne8 16.g5 hxg5
17.fxg5 Bf5 18.Bxf5 exf5 19.g6 fxg6 20.Rxg6 Bf6 21.Ng2 Ne5 22.Nxe5 Bxe5 23.d4 Bb8
24.Qf3 Rf7 25.Bd2 Qd7 26.Rg1 Rc6 27.Nh4 Rxg6 28.Rxg6 Qc7 29.Rg2 Qd7 30.Qh3 f4
31.Qxd7 Rxd7 32.exf4 Nd6 33.Ng6 Ne4 34.Be3 Bd6 35.Ne5 Bxe5 36.fxe5 Kf7 37.Rg4 b4
38.Rg1 Rb7 39.Kg2 Rb6 40.Rf1+ Ke6 41.Rf8 c3 42.bxc3 Rc6 43.cxb4 Rxc2+ 44.Kf3 Rxh2
45.Re8+ Kf5  1/2-1/2

[Event "Rakovica"]
[Site "Belgrade"]
[Date "1982.??.??"]
[Round "?"]
[White "Todorcevic, Miodrag"]
[Black "Govedarica, Radovan"]
[Result "1/2-1/2"]
[WhiteElo "2390"]
[BlackElo "2395"]

1.Nf3 d5 2.g3 c5 3.Bg2 Nc6 4.O-O e5 5.d3 Be7 6.Nbd2 g5 7.e4 g4 8.Ne1 d4 9.f4 gxf3
10.Nexf3 Bg4 11.h3 Be6 12.Nc4 f6 13.Nh4 Qd7 14.Qh5+ Bf7 15.Qf3 O-O-O 16.Nf5 Kb8
17.Bd2 Be6 18.a4 Bf8 19.Kh2 Nb4 20.Rfc1 Ne7 21.a5 Nxf5 22.exf5 Bd5 23.Qf2 Bxg2
24.Qxg2 Na6 25.Qe4 h5 26.Qh4 Be7 27.Rf1 Rdg8 28.Qe4 Bd8 29.c3 Be7 30.Rab1 Rd8
31.Rf3 Qd5 32.Re1 Qd7 33.Re2 Qb5 34.Be1 Nc7 35.Rg2 Qd7 36.Re2 Bd6 37.Bd2 a6
38.Nb6 Qf7 39.Re1 Rdg8 40.Nc4 Nb5 41.Nb6 Nc7 42.Kg2 Rh7 43.c4 Rhg7 44.Rb1 Ne8
45.b4 cxb4 46.Nd5 Qd7 47.Nxb4 Ka7 48.Nd5 Qa4 49.Re1 Bc5 50.Qh4 Qc6 51.Re2 Be7
52.Be1 Bd8 53.Bb4 Nc7 54.Nxc7 Rxg3+ 55.Qxg3 Rxg3+ 56.Kxg3 Bxc7 57.Kf2 Qd7
58.Kf1 Bd6 59.Be1 Qa4 60.Bh4 Qc6 61.Re4 Bb4 62.Rg3 Bxa5 63.Rg6 Bd8 64.Kg1 Qa4
65.Rxe5 Qd1+ 66.Re1 Qxd3 67.Bf2 Qxf5 68.Rg7 Bb6 69.Ree7 Qc8 70.c5 Bxc5 71.Rc7 Qf5
72.Rxb7+ Ka8 73.Bg3 d3+ 74.Kh2 Qc8 75.Rb8+ Qxb8 76.Bxb8 Kxb8 77.Rd7 h4 78.Kg2 a5
79.Kf3 Bb4 80.Rxd3 Kc7 81.Ke2 Bd6 82.Rd4 Bg3 83.Kd3 Kc6 84.Kc4 a4 85.Rd3 Bd6
86.Rf3 a3 87.Kb3 Be5 88.Kxa3 Kd5 89.Kb3 Ke4 90.Rf1 Bf4 91.Kc2 f5 92.Ra1 Be3
93.Ra4+  1/2-1/2

[Event "Rakovica"]
[Site "Belgrade"]
[Date "1982.??.??"]
[Round "?"]
[White "Cvetkovic, Srdjan"]
[Black "Simic, Radoslav"]
[Result "1/2-1/2"]
[WhiteElo "2430"]
[BlackElo "2465"]

1.Nf3 d5 2.g3 Nf6 3.Bg2 c6 4.d3 Bf5 5.Nbd2 e6 6.O-O Be7 7.b3 h6 8.Bb2 O-O
9.Ne5 Bh7 10.e4 Nbd7 11.Nxd7 Qxd7 12.Qe2 dxe4 13.Nxe4 Nxe4 14.Bxe4 Bxe4 15.dxe4 Rfd8  1/2-1/2

[Event "DSV-Turnier"]
[Site "Berlin-Ost"]
[Date "1982.??.??"]
[Round "6"]
[White "Vogt, Lothar"]
[Black "Lputian, Smbat G"]
[Result "0-1"]
[WhiteElo "2490"]
[BlackElo "2480"]

1.Nf3 d5 2.g3 Nf6 3.Bg2 e6 4.O-O Be7 5.d3 c5 6.Nbd2 Nc6 7.e4 b6 8.Re1 Qc7
9.Qe2 Bb7 10.c3 a5 11.a4 Ba6 12.e5 Nd7 13.Nf1 O-O-O 14.h4 h6 15.N1h2 Kb8
16.Ng4 Ka7 17.Bf4 Rb8 18.c4 Nb4 19.Rac1 dxc4 20.dxc4 Rbd8 21.Bd2 Nb8 22.Bxb4 cxb4
23.Nd2 Nc6 24.Nb3 Bc5 25.Nh2 Rd7 26.Qg4 g6 27.Qf4 Bb7 28.Ng4 Nd4 29.Nxc5 bxc5
30.Nf6 g5 31.hxg5 hxg5 32.Qg4 Rdd8 33.Ne4 Qxe5 34.Qxg5 f5 35.Qe7 fxe4 36.Bxe4 Qb8
37.Qxc5+ Ka6 38.Bd5 e5 39.Rxe5 Qxe5  0-1

[Event "DSV-Turnier"]
[Site "Berlin-Ost"]
[Date "1982.??.??"]
[Round "7"]
[White "Espig, Lutz"]
[Black "Vera, Reynaldo"]
[Result "1/2-1/2"]
[WhiteElo "2425"]
[BlackElo "2410"]

1.Nf3 d5 2.g3 c5 3.c4 e6 4.Bg2 Nc6 5.cxd5 exd5 6.d4 Nf6 7.O-O Be7 8.Nc3 O-O
9.b3 Ne4 10.Bb2 Bf6 11.Na4 Re8 12.Rc1 cxd4 13.Nxd4 Bxd4 14.Bxd4 Bf5 15.e3 Qe7
16.Bb2 Rad8 17.Nc3 Nxc3 18.Bxc3 Be4 19.Qg4 f6 20.Rfd1 Bxg2 21.Kxg2 Qe4+ 22.Qxe4 dxe4
23.g4 Kf7 24.h4 Rxd1 25.Rxd1 Rd8 26.Rc1 h5  1/2-1/2